[Event "Titled Tue 10th Jun Late"]
[Site "chess.com INT"]
[Date "2025.06.10"]
[Round "3"]
[White "Arakelyan, Manvel"]
[Black "Zlatin, Alexander"]
[Result "0-1"]
[WhiteTitle "FM"]
[BlackTitle "FM"]
[WhiteElo "2326"]
[BlackElo "2313"]
[WhiteFideId "13317415"]
[BlackFideId "2810549"]
[EventDate "2025.06.10"]

1. e4 e6 2. d4 d5 3. Nd2 dxe4 4. Nxe4 Nf6 5. Nxf6+ Qxf6 6. Nf3 h6 7. Bd3 Bd6 8.
Be3 O-O 9. Qe2 Nc6 10. O-O-O e5 11. d5 Ne7 12. c4 b6 13. Nd2 Bf5 14. g4 Bxd3 15.
Qxd3 Ng6 16. g5 hxg5 17. Ne4 Qf5 18. Bxg5 Nf4 19. Bxf4 Qxf4+ 20. Kb1 f5 21. Nxd6
cxd6 22. Rhg1 Qxf2 23. Rg6 Rf6 24. Rxf6 gxf6 25. Rd2 Qe1+ 26. Kc2 Qe4 27. Rf2
Qxd3+ 28. Kxd3 f4 29. Ke4 Kf7 30. b4 Rh8 31. c5 bxc5 32. bxc5 dxc5 33. Rb2 Rh3
34. Rb7+ Kg6 35. d6 Re3+ 36. Kd5 f3 37. d7 f2 38. Rb1 Rd3+ 39. Ke6 e4 40. h4 e3
41. h5+ Kxh5 42. Kf5 Kh6 43. Kxf6 Rd6+ 44. Ke5 Rxd7 45. Kf6 Rd6+ 46. Ke5 e2 47.
Rh1+ Kg7 48. Rh2 e1=Q+ 49. Kxd6 f1=Q 50. Rd2 Qxd2+ 0-1

[Event "Titled Tue 10th Jun Late"]
[Site "chess.com INT"]
[Date "2025.06.10"]
[Round "3"]
[White "Graif, William"]
[Black "Sliwicki, Damian"]
[Result "1-0"]
[WhiteTitle "FM"]
[BlackTitle "CM"]
[WhiteElo "2211"]
[BlackElo "2161"]
[WhiteFideId "2609835"]
[BlackFideId "1127128"]
[EventDate "2025.06.10"]

1. e4 c5 2. Nc3 g6 3. Bc4 Nc6 4. d3 Bg7 5. f4 d6 6. Nf3 e6 7. O-O Nge7 8. Qe1 a6
9. Bb3 Nd4 10. Nxd4 cxd4 11. Ne2 O-O 12. Bd2 d5 13. e5 h5 14. Nxd4 Qb6 15. Be3
Qc7 16. Kh1 Bd7 17. Qh4 Rfe8 18. Rae1 b5 19. f5 Nxf5 20. Nxf5 exf5 21. d4 Be6
22. Bg5 a5 23. c3 a4 24. Bd1 Qc4 25. Bf6 Qxa2 26. Re3 Qxb2 27. Bxh5 a3 28. Bxg7
Kxg7 29. Qf6+ 1-0

[Event "Titled Tue 10th Jun Late"]
[Site "chess.com INT"]
[Date "2025.06.10"]
[Round "3"]
[White "Alekseev, Evgeny"]
[Black "Carlsen, Magnus"]
[Result "0-1"]
[WhiteTitle "GM"]
[BlackTitle "GM"]
[WhiteElo "2520"]
[BlackElo "2837"]
[WhiteFideId "4138147"]
[BlackFideId "1503014"]
[EventDate "2025.06.10"]

1. e4 c5 2. Nf3 e6 3. d4 cxd4 4. Nxd4 a6 5. Bd3 Bc5 6. Nb3 Be7 7. Qg4 g6 8. Qe2
d6 9. O-O Nd7 10. Bf4 Ngf6 11. Bh6 Ne5 12. h3 Bf8 13. Bxf8 Kxf8 14. N1d2 g5 15.
Qe3 Rg8 16. Be2 Bd7 17. Rad1 Rg6 18. Nd4 Qc7 19. c3 b5 20. N2f3 h6 21. Nxe5 dxe5
22. Nb3 Rc8 23. Rd2 a5 24. a3 Be8 25. Rfd1 h5 26. Bd3 g4 27. h4 g3 28. fxg3 Ng4
29. Qe1 a4 30. Nc1 Qc5+ 31. Kh1 Bc6 32. Bb1 Kg7 33. Nd3 Qb6 34. Nb4 Ba8 35. Qg1
Qxg1+ 36. Kxg1 Nf6 37. Re1 Rxg3 38. Rf2 Rc7 39. Rfe2 Rg4 40. Nd3 Rxe4 41. Rxe4
Bxe4 42. Nxe5 Bxb1 43. Rxb1 Ne4 44. Nf3 Nd6 45. Re1 Nc4 46. Re2 Rc5 47. Kf2 Rd5
48. Nd4 Kg6 49. Ke1 e5 50. Nf3 f6 51. Nh2 Rd3 52. Nf1 Kf5 0-1

[Event "Titled Tue 10th Jun Late"]
[Site "chess.com INT"]
[Date "2025.06.10"]
[Round "3"]
[White "Le, Tuan Minh"]
[Black "Tristan, Leonardo"]
[Result "1-0"]
[WhiteTitle "GM"]
[BlackTitle "GM"]
[WhiteElo "2598"]
[BlackElo "2536"]
[WhiteFideId "12401153"]
[BlackFideId "113816"]
[EventDate "2025.06.10"]

1. d4 d5 2. Nf3 Nf6 3. Bf4 Bf5 4. c4 e6 5. Qb3 Nc6 6. Nbd2 Bb4 7. e3 Ne4 8. cxd5
Qxd5 9. Qxd5 exd5 10. Bb5 g5 11. Bxc7 g4 12. a3 gxf3 13. axb4 fxg2 14. Rg1 Nxd2
15. Kxd2 Bh3 16. Ba4 Kd7 17. Bg3 h5 18. Rgc1 h4 19. Bf4 a6 20. Rc5 Be6 21. h3
Rhg8 22. Rg1 b5 23. Bd1 Nxb4 24. Bf3 Bxh3 25. Rc7+ Ke6 26. Bh5 Raf8 27. Bh6 Bf5
28. Bxf8 h3 29. Bxf7+ Kf6 30. Bxg8 Bg6 31. Bxb4 h2 32. Rcc1 Be4 33. Rxg2 Bxg2
34. Bd6 h1=Q 35. Rxh1 Bxh1 36. Bh7 1-0

[Event "Titled Tue 10th Jun Late"]
[Site "chess.com INT"]
[Date "2025.06.10"]
[Round "3"]
[White "Lyakh, Vasiliy"]
[Black "Danila, Tudor-Gabriel"]
[Result "1-0"]
[BlackTitle "CM"]
[WhiteElo "2123"]
[BlackElo "2178"]
[WhiteFideId "14189828"]
[BlackFideId "1274244"]
[EventDate "2025.06.10"]

1. d4 Nf6 2. c4 e6 3. g3 c5 4. d5 d6 5. Nc3 exd5 6. cxd5 g6 7. Bg2 Bg7 8. Nf3
O-O 9. O-O Re8 10. Bf4 a6 11. a4 Bf5 12. Nd2 Nh5 13. Be3 Nd7 14. Nc4 Ne5 15.
Nxe5 Bxe5 16. Bd2 Bg7 17. e4 Bd7 18. Be3 b5 19. axb5 axb5 20. Qd2 b4 21. Ne2 Bb5
22. Rfe1 Qd7 23. Nf4 Nxf4 24. Bxf4 b3 25. h4 h5 26. Rxa8 Rxa8 27. e5 dxe5 28.
Bxe5 Bxe5 29. Rxe5 Ra1+ 30. Kh2 Qd6 31. Qf4 Kg7 32. Bf3 Rb1 33. Bxh5 Rxb2 34.
Bxg6 fxg6 35. h5 Rxf2+ 36. Qxf2 Qxe5 37. Qxc5 Qe2+ 38. Kh3 Bd7+ 39. g4 Qxg4+ 40.
Kh2 Qxh5+ 41. Kg2 Qg5+ 42. Kh2 Qf4+ 43. Kg2 Qg5+ 44. Kh2 Qe5+ 45. Kg2 b2 46. Qb4
Qe4+ 47. Qxe4 Bf5 48. Qe5+ Kh6 49. Qxb2 1-0

[Event "Titled Tue 10th Jun Late"]
[Site "chess.com INT"]
[Date "2025.06.10"]
[Round "3"]
[White "Petrus, Adrian"]
[Black "Rajaram, Rohan"]
[Result "0-1"]
[WhiteTitle "CM"]
[BlackTitle "CM"]
[WhiteElo "2203"]
[BlackElo "2164"]
[WhiteFideId "14573652"]
[BlackFideId "30940729"]
[EventDate "2025.06.10"]

1. e4 c5 2. Nf3 d6 3. d4 cxd4 4. Nxd4 Nf6 5. Nc3 a6 6. Qf3 e5 7. Nf5 Bxf5 8.
Qxf5 Nc6 9. Be3 Rc8 10. O-O-O Be7 11. Bc4 b5 12. Bb3 O-O 13. g4 Nd7 14. g5 Nd4
15. Bxd4 exd4 16. Rxd4 Bxg5+ 17. Kb1 Rc5 18. Qg4 Qf6 19. Rd5 Ne5 20. Qg2 Nf3 21.
Rhd1 Nh4 22. Qg4 Rxd5 23. Nxd5 Qf3 24. Qxf3 Nxf3 25. h3 Nd2+ 26. Ka1 Nxe4 27. f4
Bh4 28. Nc7 Nc5 0-1

[Event "Titled Tue 10th Jun Late"]
[Site "chess.com INT"]
[Date "2025.06.10"]
[Round "3"]
[White "Tamer Waguih, Farid"]
[Black "Gokerkan, Cem Kaan"]
[Result "0-1"]
[WhiteTitle "FM"]
[BlackTitle "GM"]
[WhiteElo "2300"]
[BlackElo "2489"]
[WhiteFideId "10685723"]
[BlackFideId "6336760"]
[EventDate "2025.06.10"]

1. d4 Nf6 2. Nf3 g6 3. e3 Bg7 4. Be2 O-O 5. O-O d5 6. b3 c5 7. Bb2 cxd4 8. exd4
Bg4 9. h3 Bxf3 10. Bxf3 Nc6 11. Re1 e6 12. Nc3 Rc8 13. a3 a6 14. Ne2 b5 15. Nf4
Qb6 16. c3 Rfd8 17. Nd3 Na5 18. Nc5 Nd7 19. b4 Nc4 20. Bc1 Nxc5 21. bxc5 Qa5 22.
Bg5 Rd7 23. Qd3 e5 24. Bg4 f5 25. Bxf5 gxf5 26. Qxf5 Qc7 27. dxe5 Nxe5 28. Qe6+
Nf7 29. Be7 Re8 30. Bd6 Rxe6 31. Rxe6 Nxd6 32. cxd6 Rxd6 0-1

[Event "Titled Tue 10th Jun Late"]
[Site "chess.com INT"]
[Date "2025.06.10"]
[Round "3"]
[White "Mullodzhanov, Nathaniel"]
[Black "Nita, Lucian"]
[Result "1-0"]
[WhiteElo "1927"]
[BlackElo "2143"]
[WhiteFideId "30961580"]
[BlackFideId "1206923"]
[EventDate "2025.06.10"]

1. e4 d6 2. d4 Nf6 3. Nc3 e5 4. Nf3 Nbd7 5. Bc4 Be7 6. O-O c6 7. Bb3 h6 8. h3
Qc7 9. Re1 Nf8 10. dxe5 dxe5 11. Qd3 Be6 12. Be3 Rd8 13. Qe2 b6 14. Red1 Rxd1+
15. Rxd1 Bxb3 16. axb3 Ng6 17. Qa6 O-O 18. Ra1 Bb4 19. Qxa7 Qxa7 20. Rxa7 Bxc3
21. bxc3 Nxe4 22. Bxb6 Nxc3 23. Rc7 e4 24. Nd4 Rd8 25. Rxc6 Rxd4 26. Bxd4 Ne2+
27. Kh2 Nxd4 28. Rc4 Ne6 29. Rxe4 Kf8 30. b4 Ke7 31. c4 Kd6 32. g3 Ne7 33. Kg2
Nc6 34. b5 Ncd4 35. f4 f5 36. Re5 g6 37. Rd5+ Kc7 38. Kf2 Nc2 39. c5 Nb4 40. b6+
Kb7 41. Rd7+ Ka6 42. Ra7+ Kb5 43. b7 Nc6 44. Ra8 Kxc5 45. Rc8 1-0

[Event "Titled Tue 10th Jun Late"]
[Site "chess.com INT"]
[Date "2025.06.10"]
[Round "3"]
[White "Klepek, Witold"]
[Black "Kleimenov, Nikolay"]
[Result "0-1"]
[WhiteTitle "CM"]
[BlackTitle "CM"]
[WhiteElo "2253"]
[BlackElo "2199"]
[WhiteFideId "1175068"]
[BlackFideId "34414223"]
[EventDate "2025.06.10"]

1. c4 Nf6 2. Nf3 g6 3. Nc3 Bg7 4. d4 O-O 5. e4 d6 6. Be2 e5 7. O-O Na6 8. Qc2
exd4 9. Nxd4 Re8 10. Be3 Nb4 11. Qb1 Qe7 12. f3 Nc6 13. Qd1 Nxd4 14. Bxd4 c6 15.
Re1 Be6 16. Bf1 Nd7 17. Bf2 Nc5 18. Qd2 Rad8 19. Rad1 a5 20. Bg3 Be5 21. f4 Bxc3
22. Qxc3 Bg4 23. Rd4 f5 24. e5 Ne4 25. Rdxe4 fxe4 26. Rxe4 dxe5 27. fxe5 Bf5 28.
Re1 h5 29. Kh1 Qg5 30. c5 h4 31. Qc4+ Rd5 32. Bxh4 Qd2 33. Bg3 Kg7 34. Qh4 g5
35. Qh5 Bg6 36. Qf3 Rf8 37. Qb3 Qxe1 38. Qxb7+ Kg8 0-1

[Event "Titled Tue 10th Jun Late"]
[Site "chess.com INT"]
[Date "2025.06.10"]
[Round "3"]
[White "Andrade, Ivan"]
[Black "Stojanovski, Sandi"]
[Result "1-0"]
[WhiteTitle "FM"]
[BlackTitle "FM"]
[WhiteElo "2144"]
[BlackElo "2169"]
[WhiteFideId "14800039"]
[BlackFideId "1403249"]
[EventDate "2025.06.10"]

1. e4 d6 2. d4 Nf6 3. f3 g6 4. c4 Bg7 5. Nc3 O-O 6. Be3 c5 7. d5 e6 8. Qd2 a6 9.
O-O-O exd5 10. cxd5 b5 11. Bh6 b4 12. Nce2 Nbd7 13. Bxg7 Kxg7 14. Kb1 Rb8 15.
Nc1 Ne5 16. Qc2 c4 17. Bxc4 Nxc4 18. Qxc4 Bd7 19. g4 Kg8 20. Qd4 Ba4 21. b3 Bb5
22. Nge2 Qc7 23. Qxf6 Rfc8 24. Qb2 a5 25. Nd4 Bd7 26. Nd3 a4 27. Rc1 Qb6 28.
Rxc8+ Rxc8 29. Nc6 Bxc6 30. dxc6 a3 31. Qd2 Rxc6 32. Rc1 Rxc1+ 33. Nxc1 Qc5 34.
h4 h6 35. h5 g5 36. Ne2 Qf2 37. Nd4 Qf1+ 38. Kc2 Qa1 39. Kd3 Qf1+ 40. Ke3 Qg1+
41. Kd3 Qf1+ 42. Qe2 Qc1 43. Nc2 Qb2 44. Nxb4 Qe5 45. Nc2 Qb2 46. Nd4 Qb1+ 47.
Ke3 Qc1+ 48. Kd3 Qb1+ 49. Kc4 1-0

[Event "Titled Tue 10th Jun Late"]
[Site "chess.com INT"]
[Date "2025.06.10"]
[Round "3"]
[White "Papacek, Stepan"]
[Black "Ersoz, Teoman Guney"]
[Result "0-1"]
[WhiteTitle "FM"]
[BlackTitle "CM"]
[WhiteElo "2225"]
[BlackElo "2052"]
[WhiteFideId "301035"]
[BlackFideId "44537050"]
[EventDate "2025.06.10"]

1. e4 c5 2. c3 d5 3. exd5 Qxd5 4. Nf3 Nf6 5. Na3 Bg4 6. Be2 e6 7. Nc2 Nc6 8. Ne3
Qd7 9. Nxg4 Nxg4 10. O-O Bd6 11. h3 Nf6 12. d4 cxd4 13. Nxd4 Nxd4 14. Qxd4 O-O
15. Rd1 Rfd8 16. Bg5 Qc7 17. Qh4 Be7 18. Qc4 Qb6 19. Qb3 Qc7 20. Bf3 h6 21. Bh4
Bc5 22. Qxb7 Qxb7 23. Bxb7 Rab8 24. Rxd8+ Rxd8 25. Bf3 Rd2 26. Rb1 g5 27. Bg3 h5
28. h4 g4 29. Bc6 Nd5 30. Bxd5 exd5 31. Kf1 d4 32. cxd4 Bxd4 33. Ke1 Rxb2 34.
Rxb2 Bxb2 0-1

[Event "Titled Tue 10th Jun Late"]
[Site "chess.com INT"]
[Date "2025.06.10"]
[Round "3"]
[White "Gutierrez Carmona, Juan Alejandro"]
[Black "Fichter, Fabian"]
[Result "0-1"]
[WhiteTitle "FM"]
[BlackTitle "FM"]
[WhiteElo "2036"]
[BlackElo "2235"]
[WhiteFideId "5106770"]
[BlackFideId "24613258"]
[EventDate "2025.06.10"]

1. d4 e6 2. Bf4 Nf6 3. e3 c5 4. Nf3 Nc6 5. Nbd2 d5 6. c3 Bd6 7. Bg3 O-O 8. Bd3
Re8 9. Ne5 Ne7 10. Qf3 Qc7 11. h4 Ng6 12. Bxg6 hxg6 13. Nb3 c4 14. Nd2 b5 15.
O-O Bb7 16. Rfc1 a5 17. b3 Qe7 18. Qe2 Nh5 19. Bh2 Qxh4 20. Ndf3 Qe7 21. a4 Ba6
22. axb5 Bxb5 23. bxc4 dxc4 24. Nd2 Qc7 25. Rcb1 Reb8 26. e4 f6 27. Ng4 Bxh2+
28. Nxh2 Nf4 29. Qg4 f5 30. Qg5 Ne2+ 31. Kh1 Nxc3 32. Qxg6 Ra6 33. exf5 exf5 34.
Qxf5 Nxb1 35. Qd5+ Qf7 0-1

[Event "Titled Tue 10th Jun Late"]
[Site "chess.com INT"]
[Date "2025.06.10"]
[Round "3"]
[White "Buchenau, Frank"]
[Black "Asish Panda"]
[Result "0-1"]
[WhiteTitle "FM"]
[WhiteElo "2205"]
[BlackElo "1911"]
[WhiteFideId "4604350"]
[BlackFideId "45012458"]
[EventDate "2025.06.10"]

1. e4 e6 2. d4 d5 3. Nd2 c5 4. exd5 Qxd5 5. Ngf3 cxd4 6. Bc4 Qd7 7. O-O Nc6 8.
Nb3 Nf6 9. Nbxd4 Nxd4 10. Nxd4 a6 11. c3 Bc5 12. Nb3 Ba7 13. Qf3 O-O 14. Bg5 Ne8
15. Rfd1 Qc7 16. Bd3 h6 17. Bh4 Bd7 18. Be4 Bc6 19. Bxc6 bxc6 20. Rd2 f5 21.
Rad1 Nf6 22. Bxf6 Rxf6 23. Rd7 Qb6 24. R1d6 Rc8 25. g3 f4 26. Nd4 Qxb2 27. Rxa7
Qb1+ 28. Kg2 fxg3 29. Qxg3 Rg6 30. Rdd7 Rxg3+ 31. hxg3 Qg6 32. Re7 Re8 33. Rxg7+
Qxg7 34. Rxg7+ Kxg7 35. Nxc6 Rc8 36. Nd4 Kf6 37. Ne2 Rd8 38. Kf3 Rd3+ 39. Ke4
Rd2 40. Ke3 Rxa2 41. g4 a5 0-1

[Event "Titled Tue 10th Jun Late"]
[Site "chess.com INT"]
[Date "2025.06.10"]
[Round "3"]
[White "Tahbaz, Arash"]
[Black "Goryachkina, Aleksandra"]
[Result "1-0"]
[WhiteTitle "IM"]
[BlackTitle "GM"]
[WhiteElo "2462"]
[BlackElo "2533"]
[WhiteFideId "12528846"]
[BlackFideId "4147103"]
[EventDate "2025.06.10"]

1. Nf3 Nf6 2. g3 g6 3. Bg2 Bg7 4. O-O O-O 5. d3 d5 6. Nbd2 Nc6 7. e4 dxe4 8.
dxe4 e5 9. b3 a5 10. a4 b6 11. Bb2 Ba6 12. Re1 Re8 13. Bf1 Bxf1 14. Kxf1 Qd7 15.
Kg2 Rad8 16. Qe2 Nh5 17. h3 Nd4 18. Bxd4 exd4 19. Qd3 Qc6 20. Rad1 Qc3 21. Nc4
h6 22. e5 Qb4 23. Re4 Bf8 24. e6 fxe6 25. Rg4 Ng7 26. Qxg6 e5 27. Qxh6 Rd6 28.
Nxd6 Qxd6 29. Qh5 Qe6 30. Rg6 Qf7 31. Ng5 Qd5+ 32. Kh2 1-0

[Event "Titled Tue 10th Jun Late"]
[Site "chess.com INT"]
[Date "2025.06.10"]
[Round "3"]
[White "Sarasketa Irastortza, Oier"]
[Black "Hamedi Nia, Vesal"]
[Result "1-0"]
[WhiteTitle "CM"]
[BlackTitle "WIM"]
[WhiteElo "2190"]
[BlackElo "2010"]
[WhiteFideId "54728207"]
[BlackFideId "12542253"]
[EventDate "2025.06.10"]

1. d4 d5 2. c4 e6 3. Nf3 Nf6 4. g3 Be7 5. Bg2 O-O 6. O-O Nbd7 7. Qd3 c5 8. cxd5
Nxd5 9. Rd1 a6 10. a3 b5 11. e4 N5b6 12. dxc5 Nxc5 13. Qc2 Qc7 14. Bf4 Qa7 15.
Be3 Nc4 16. Bd4 Bb7 17. b4 Bxe4 18. Qe2 Bd5 19. bxc5 Bxc5 20. Nc3 Bxd4 21. Nxd4
Bxg2 22. Kxg2 Rac8 23. Ne4 Rfd8 24. Nf3 h6 25. Rxd8+ Rxd8 26. Rd1 Rc8 27. Nd6
Nxd6 28. Rxd6 Qb7 29. Qd3 g6 30. Rd8+ Rxd8 31. Qxd8+ Kh7 32. Qf6 a5 33. Kg1 b4
34. axb4 axb4 35. Ne5 b3 36. Nxf7 g5 37. Qh8+ Kg6 38. Qxh6+ Kxf7 39. Qh7+ Kf6
40. Qxb7 1-0

[Event "Titled Tue 10th Jun Late"]
[Site "chess.com INT"]
[Date "2025.06.10"]
[Round "3"]
[White "Puzyrevsky, Semyon"]
[Black "Norowitz, Yaacov"]
[Result "0-1"]
[WhiteTitle "FM"]
[BlackTitle "IM"]
[WhiteElo "2292"]
[BlackElo "2400"]
[WhiteFideId "24240931"]
[BlackFideId "2024799"]
[EventDate "2025.06.10"]

1. e4 c6 2. d4 d5 3. exd5 cxd5 4. Bd3 Nf6 5. c3 Nc6 6. h3 Ne4 7. Bf4 Bf5 8. Nf3
Qb6 9. Qb3 e6 10. O-O Qxb3 11. axb3 Nxc3 12. Nxc3 Bxd3 13. Rfd1 Bg6 14. Nb5 Kd7
15. Ne5+ Nxe5 16. Bxe5 f6 17. Bg3 Bb4 18. Nxa7 Bd6 19. Bxd6 Kxd6 20. b4 Bc2 21.
Rdc1 Bd3 22. b5 Bc4 23. Rc3 e5 24. dxe5+ fxe5 25. b3 Be2 26. b6 d4 27. Rc7 Ba6
28. Rxg7 Kc5 29. b4+ Kxb6 30. b5 Bxb5 31. Re1 Rxa7 32. Rxe5 Rd8 33. Rxh7 Bc6 34.
Re1 d3 35. Rb1+ Kc5 36. Rc1+ Kb4 37. Rh4+ Kb3 38. Rb1+ Kc3 39. Rhb4 Ra3 40. Rb6
d2 41. Rd1 Rb3 42. Rxb3+ Kxb3 43. h4 Kc2 44. Rxd2+ Kxd2 45. g4 Ke2 46. g5 Kf3
47. h5 Rh8 48. h6 b5 49. Kh2 Kg4 50. f4 Kxf4 51. g6 Rxh6+ 52. Kg1 Rxg6+ 53. Kh2
Rg2+ 54. Kh3 b4 55. Kh4 Rh2# 0-1

[Event "Titled Tue 10th Jun Late"]
[Site "chess.com INT"]
[Date "2025.06.10"]
[Round "3"]
[White "Firouzja, Alireza"]
[Black "Bukreev, Stanislav"]
[Result "1-0"]
[WhiteTitle "GM"]
[BlackTitle "FM"]
[WhiteElo "2766"]
[BlackElo "2305"]
[WhiteFideId "12573981"]
[BlackFideId "34252347"]
[EventDate "2025.06.10"]

1. e4 e6 2. d4 d5 3. e5 c5 4. c3 Nc6 5. Nf3 Qb6 6. a3 Nh6 7. b4 cxd4 8. cxd4 Nf5
9. Bb2 Bd7 10. Be2 Rc8 11. O-O h5 12. Qd2 Be7 13. Bc3 a6 14. Rd1 O-O 15. Qb2 Rc7
16. Nbd2 Rfc8 17. Nb3 Nb8 18. Nc5 Bb5 19. h3 Bxe2 20. Qxe2 Qb5 21. Qxb5 axb5 22.
Be1 b6 23. Nb3 Rc2 24. Kf1 Nd7 25. Nc1 g5 26. Ne2 g4 27. hxg4 hxg4 28. Nh2 g3
29. Nxg3 Nxg3+ 30. fxg3 Bg5 31. Nf3 Be3 32. g4 Nf8 33. g5 Ng6 34. Rd3 Bc1 35. g3
Ne7 36. a4 bxa4 37. Rxa4 Kg7 38. Ra7 Nf5 39. Bf2 R8c3 40. Rxc3 Rxc3 41. Nh4 Ne3+
42. Kg1 Ng4 43. g6 Nh6 44. gxf7 Nxf7 45. Re7 Rb3 46. Rxe6 Rxb4 47. Nf5+ Kf8 48.
Rc6 Rb1 49. Rc8+ Nd8 50. Rxd8+ Kf7 51. Kg2 Rb2 52. Rd6 Bg5 53. Kf3 b5 54. Rb6 b4
55. e6+ 1-0

[Event "Titled Tue 10th Jun Late"]
[Site "chess.com INT"]
[Date "2025.06.10"]
[Round "3"]
[White "Marchand, Calix"]
[Black "Araujo Filho, Luiz Antonio Coel"]
[Result "1-0"]
[WhiteElo "2108"]
[BlackElo "2077"]
[WhiteFideId "2640856"]
[BlackFideId "2130661"]
[EventDate "2025.06.10"]

1. e4 c6 2. Nc3 d5 3. Nf3 dxe4 4. Nxe4 Nf6 5. Ng3 e6 6. Bc4 Be7 7. d4 O-O 8. c3
Qc7 9. Ne5 b6 10. Bf4 Bd6 11. Nh5 Nxh5 12. Qxh5 Ba6 13. Bb3 g6 14. Qh6 Re8 15.
Ng4 Nd7 16. Be5 Bxe5 17. dxe5 Nf8 18. h4 Red8 19. h5 Bd3 20. O-O-O Bf5 21. Nf6+
Kh8 22. f4 Rxd1+ 23. Kxd1 gxh5 24. Nxh5 Bg4+ 25. Kc1 Bxh5 26. Rxh5 Rd8 27. Bc2
Qd7 28. Rh1 Qd2+ 29. Kb1 Qxg2 30. Bxh7 Qg7 31. Be4+ Kg8 32. Qh2 Ng6 33. Rg1 c5
34. f5 exf5 35. Bxf5 Kf8 36. e6 Rd5 37. Qb8+ Ke7 38. Qb7+ Kf6 39. Qxd5 1-0

[Event "Titled Tue 10th Jun Late"]
[Site "chess.com INT"]
[Date "2025.06.10"]
[Round "3"]
[White "Montano Vicente, Guadalupe"]
[Black "Dambaev, Dashi"]
[Result "0-1"]
[BlackTitle "CM"]
[WhiteElo "1938"]
[BlackElo "2211"]
[WhiteFideId "5181399"]
[BlackFideId "55628494"]
[EventDate "2025.06.10"]

1. d4 Nf6 2. c4 e6 3. Nc3 Bb4 4. Qc2 O-O 5. e3 b6 6. Nf3 Bb7 7. a3 Bxc3+ 8. Qxc3
Ne4 9. Qc2 f5 10. Bd3 d6 11. O-O a5 12. Rb1 a4 13. Nd2 Qh4 14. f3 Ng5 15. b4
axb3 16. Nxb3 Rf6 17. Qf2 Qh5 18. h4 Nf7 19. f4 Nh6 20. Be2 Ng4 21. Bxg4 Qxg4
22. g3 Nd7 23. c5 Rg6 24. Kh2 Nf6 25. Rg1 Ne4 26. Qe1 Qf3 27. Nd2 Nxd2 28. Bxd2
dxc5 29. dxc5 Be4 30. Rb3 Rd8 31. cxb6 cxb6 32. Bb4 Rh6 33. Rb2 Rd7 34. Rf2 Qg4
35. Rd2 Rc7 0-1

[Event "Titled Tue 10th Jun Late"]
[Site "chess.com INT"]
[Date "2025.06.10"]
[Round "3"]
[White "Lacasa Diaz, Josep Anton"]
[Black "Hernandez Santos, David Ale"]
[Result "0-1"]
[WhiteTitle "IM"]
[BlackTitle "CM"]
[WhiteElo "2315"]
[BlackElo "1742"]
[WhiteFideId "2203375"]
[BlackFideId "5132002"]
[EventDate "2025.06.10"]

1. e4 c5 2. Nf3 e6 3. c3 Nf6 4. Bd3 Nc6 5. Bc2 d6 6. d4 cxd4 7. cxd4 Be7 8. O-O
O-O 9. Nc3 Qc7 10. Re1 a6 11. e5 dxe5 12. dxe5 Rd8 13. Qe2 Ne8 14. Qe4 g6 15.
Bg5 Bxg5 16. Nxg5 Qe7 17. Qh4 h5 18. g4 Rd4 19. Nce4 Nxe5 20. gxh5 f5 21. Nf6+
Qxf6 22. Qxd4 Qxg5+ 23. Kh1 Nf3 24. Qc3 Qxh5 25. Kg2 Nxe1+ 26. Rxe1 Qg4+ 27. Kh1
Ng7 28. Bb3 Kh7 29. Qe3 Qh5 30. Rg1 Qh6 31. Qc3 Qf4 32. Qc2 e5 33. a4 Qf3+ 34.
Rg2 e4 35. Bc4 Be6 36. Bxe6 Nxe6 0-1

[Event "Titled Tue 10th Jun Late"]
[Site "chess.com INT"]
[Date "2025.06.10"]
[Round "3"]
[White "Sarkar, Justin"]
[Black "Blom, Vincent"]
[Result "0-1"]
[WhiteTitle "IM"]
[BlackTitle "FM"]
[WhiteElo "2284"]
[BlackElo "2230"]
[WhiteFideId "2010011"]
[BlackFideId "1014358"]
[EventDate "2025.06.10"]

1. d4 Nf6 2. c4 g6 3. Nc3 d5 4. cxd5 Nxd5 5. e4 Nxc3 6. bxc3 Bg7 7. Rb1 c5 8.
Nf3 O-O 9. Be2 Nc6 10. d5 Bxc3+ 11. Bd2 Bxd2+ 12. Qxd2 Nd4 13. Nxd4 cxd4 14.
Qxd4 e6 15. d6 e5 16. Qxe5 Re8 17. Qd4 Re6 18. Rd1 Qa5+ 19. Rd2 Bd7 20. O-O Rxe4
21. Qxe4 Qxd2 22. Qxb7 Rd8 23. Qc7 Qg5 24. Bc4 Qf6 25. Re1 Kg7 26. Re7 Rc8 27.
Qxd7 Rxc4 28. Re1 a5 29. Qe7 Rd4 30. Qxf6+ Kxf6 31. g3 Rxd6 32. Re4 Rd1+ 33. Kg2
Rd2 34. Ra4 Rd5 35. f4 Kf5 36. Kf3 Rd3+ 37. Ke2 Rd5 38. Kf3 h5 39. h3 Rd3+ 40.
Kf2 Rd2+ 41. Kf3 Rd5 42. g4+ Kf6 43. Kg3 Ke6 44. Kf3 h4 45. Kf2 Kf6 46. Kf3 Ke6
47. Ke4 f5+ 48. gxf5+ gxf5+ 49. Kf3 Rd3+ 50. Kg2 Rd2+ 51. Kf3 Rd5 52. Ke3 Kd6
53. Rd4 Kc5 0-1

[Event "Titled Tue 10th Jun Late"]
[Site "chess.com INT"]
[Date "2025.06.10"]
[Round "3"]
[White "Norman, Kseniya"]
[Black "Akkara, Omer"]
[Result "0-1"]
[WhiteTitle "WFM"]
[BlackTitle "CM"]
[WhiteElo "2069"]
[BlackElo "2036"]
[WhiteFideId "13518780"]
[BlackFideId "26319802"]
[EventDate "2025.06.10"]

1. e4 e5 2. Nf3 Nc6 3. Bb5 a6 4. Ba4 Nf6 5. O-O b5 6. Bb3 Be7 7. Re1 O-O 8. c3
d6 9. h3 h6 10. d4 exd4 11. cxd4 d5 12. e5 Ne4 13. Bc2 Bf5 14. Nbd2 Nxd2 15.
Bxd2 Qd7 16. Rc1 Bxc2 17. Qxc2 Nb4 18. Qxc7 Qe6 19. Bxb4 Bxb4 20. Rc6 Rac8 21.
Qxc8 Rxc8 22. Rxe6 fxe6 23. Re2 Rc1+ 24. Kh2 a5 25. a3 Be7 26. Ne1 a4 27. Kg3
Rd1 28. Nc2 Kf7 29. Kf3 Bg5 30. g3 Bc1 31. Nb4 Rxd4 32. Rc2 Rc4 33. Rxc4 dxc4
34. Nc6 Bxb2 35. Ke4 Bxa3 36. Nd4 Bb2 37. Nxb5 a3 0-1

[Event "Titled Tue 10th Jun Late"]
[Site "chess.com INT"]
[Date "2025.06.10"]
[Round "3"]
[White "Naroditsky, Daniel"]
[Black "Askarov, Bakhtiyar"]
[Result "1-0"]
[WhiteTitle "GM"]
[BlackTitle "IM"]
[WhiteElo "2619"]
[BlackElo "2297"]
[WhiteFideId "2026961"]
[BlackFideId "13701100"]
[EventDate "2025.06.10"]

1. Nf3 Nf6 2. g3 g6 3. b3 Bg7 4. Bb2 b6 5. Bg2 Bb7 6. O-O O-O 7. c4 c5 8. Nc3 d5
9. e3 e6 10. d4 Nbd7 11. Rc1 Ne4 12. cxd5 Nxc3 13. Bxc3 Bxd5 14. dxc5 Bxc3 15.
Rxc3 Nxc5 16. Qd4 Qe7 17. b4 Ne4 18. Rc2 Rfd8 19. Qb2 a5 20. b5 Nc5 21. Qa3 Be4
22. Rc3 Bxf3 23. Bxf3 Rab8 24. Bc6 Rd2 25. Rc4 Rbd8 26. h4 h5 27. Qc3 e5 28. e4
R8d3 29. Qc1 Rxa2 30. Bd5 Rad2 31. Rc3 Kg7 32. Rxd3 Rxd3 33. Qb2 Rd4 34. f4 f6
35. Qg2 a4 36. g4 hxg4 37. f5 Nd3 38. Qxg4 Qe8 39. Kh2 Nf4 40. fxg6 Rd2+ 41. Kh1
Qxb5 42. Rc1 Qb2 43. Rc7+ 1-0